Представление документа в формате RUSMARC

ПолеНазваниеЗначение
  Тип записи a
  Библиографический уровень m
001 Контрольный номер RU/CBS_UL/BASE/662bdbc159a04a7a8eb1563bd903b9c9
005 Дата корректировки 20250812111002.3
010 Индекс ISBN __
a ISBN 978-5-17-163900-6
b Уточнения в пер.
d Цена 1207 р. 50 к.
9 Тираж 2 000 экз.
100 Данные общей обработки __
a Данные общей обработки 20250812d 0rusy0189## ca
101 Язык документа 0_
a Язык текста rus
102 Страна публикации __
a Страна публикации RU
200 Заглавие и сведения об ответственности 1_
a Заглавие Евангельские сюжеты в живописи
f Первые сведения об ответственности Н. В. Бицадзе
210 Выходные данные 1_
a Место издания Москва
c Издательство АСТ
c Издательство Огиз
d Дата издания 2025
215 Физическое описание __
a Объем 191 с.
c Иллюстрации/тип воспроизводства ил.
d Формат 21,5 см.
225 Серия 2_
a Серия Искусство понимать
300 Общие примечания __
a Общие примечания 12+
300 Общие примечания __
a Общие примечания На обл. авт. не указан
606 Тематические рубрики 0_
a Основная рубрика Живопись - Темы и образы
606 Тематические рубрики 0_
a Основная рубрика Христианство - Иконография
610 Ключевые слова 0_
a Ключевые слова живопись мировая; искусство христианское; произведения искусства; картины; сюжеты библейские; шедевры живописи; вера; духовность; иконопись; Евангелие в живописи
686 Индексы других классификаций __
2 Код системы rubbk
a Классификационный индекс 85.14
686 Индексы других классификаций __
2 Код системы rubbk
a Классификационный индекс 86.37
700 Автор _1
a Фамилия Бицадзе
b Имя (инициалы) Н. В.
g Полное личное имя Наталья Витальевна
801 Источник записи _0
a Страна RU
b Организация МБУК ЦБС г. Ульяновска
c Дата составления 20250812
g Правила каталогизации RCR
801 Источник записи _1
a Страна RU
b Организация МБУК ЦБС г. Ульяновска
c Дата составления 20250812
g Правила каталогизации RCR
852 Данные о местонахождении __
i Авторский знак Б 66
j Шифр хранения 85.14
900 Электронные ресурсы __
a Имя электронного ресурса н. бицадзе евангельские
901 Тип документа __
t Тип документа m
909 Создатель записи __
a Создатель записи obr2
b Дата создания записи 20250812